[Event "SVK-chT5 SE-SI 1920"]
[Site "Slovakia"]
[Date "2020.02.29"]
[Round "8.3"]
[White "Mraz, Jan"]
[Black "Datko, Jan"]
[Result "1-0"]
[WhiteElo "1636"]
[BlackElo "1276"]
[PlyCount "84"]
[EventDate "2019.10.19"]
[EventType "team-tourn"]
[EventRounds "14"]
[EventCountry "SVK"]
[SourceTitle "CBM 195 Extra"]
[Source "ChessBase"]
[SourceDate "2020.05.31"]
[SourceVersion "1"]
[SourceVersionDate "2020.05.31"]
[SourceQuality "1"]
[WhiteTeam "Jabuca Petrova Ves Gbely V"]
[BlackTeam "Holic III"]
[WhiteTeamCountry "SVK"]
[BlackTeamCountry "SVK"]

1. c4 e5 2. Nc3 Nf6 3. g3 d5 4. d3 d4 5. Nb5 a6 6. Na3 Bxa3 7. Qa4+ Nc6 8. Qxa3 Qe7 9. Qxe7+ Nxe7 10. Bg2 Rb8 11. Nf3 h6 12. Nxe5 b5 13. b3 Bb7 14. Nf3 Nf5 15. 0-0 0-0 16. Bf4 Rbc8 17. Bh3 Bxf3 18. exf3 g6 19. Bxf5 gxf5 20. Bxh6 Rfe8 21. Rfe1 Nh5 22. g4 Kh7 23. Bd2 Ng7 24. Rxe8 Rxe8 25. Re1 Rxe1+ 26. Bxe1 Kg6 27. cxb5 axb5 28. a4 Ne6 29. a5 Nc5 30. b4 Na6 31. Bd2 c5 32. bxc5 Nxc5 33. Bb4 Na6 34. Ba3 b4 35. Bb2 b3 36. Bxd4 f4 37. h4 f6 38. Kf1 f5 39. g5 Nc5 40. Ke2 Na6 41. Kd2 Nc7 42. Bb2 Nb5 1-0

[Event "SVK-chT5 SE-SI 1920"]
[Site "Slovakia"]
[Date "2020.02.01"]
[Round "6.2"]
[White "Visvader, Kristof"]
[Black "Datko, Jan"]
[Result "1-0"]
[WhiteElo "1439"]
[BlackElo "1276"]
[PlyCount "79"]
[EventDate "2019.10.19"]
[EventType "team-tourn"]
[EventRounds "14"]
[EventCountry "SVK"]
[SourceTitle "CBM 194 Extra"]
[Source "ChessBase"]
[SourceDate "2020.03.31"]
[SourceVersion "1"]
[SourceVersionDate "2020.03.31"]
[SourceQuality "1"]
[WhiteTeam "Borsky Mikulas"]
[BlackTeam "Holic III"]
[WhiteTeamCountry "SVK"]
[BlackTeamCountry "SVK"]

1. e4 e5 2. Nf3 Nc6 3. Bb5 a6 4. Bxc6 dxc6 5. d4 Bg4 6. dxe5 Qxd1+ 7. Kxd1 Bxf3+ 8. gxf3 Rd8+ 9. Ke2 Be7 10. Be3 f6 11. exf6 Nxf6 12. Rg1 Kf7 13. Nd2 b6 14. Nc4 Bd6 15. e5 b5 16. Nxd6+ cxd6 17. exf6 gxf6 18. Rg4 Rde8 19. Re4 d5 20. Rxe8 Rxe8 21. Kd2 Rg8 22. h3 Ke6 23. Re1 Kd7 24. Bd4 Rf8 25. Rg1 Rf7 26. h4 Ke6 27. h5 a5 28. h6 a4 29. Rg7 Re7 30. Rg8 Rf7 31. Rc8 Kd6 32. f4 Kd7 33. Rg8 Ke7 34. f5 Kd7 35. Rg7 Ke8 36. Kc3 Rxg7 37. hxg7 Kf7 38. Bxf6 h5 39. Be5 h4 40. f6 1-0

[Event "SVK-chT5 SE-SI 1819"]
[Site "Slovakia"]
[Date "2019.02.23"]
[Round "8.4"]
[White "Valent, Tomas"]
[Black "Datko, Jan"]
[Result "0-1"]
[WhiteElo "1397"]
[BlackElo "1256"]
[PlyCount "40"]
[EventDate "2018.10.20"]
[EventType "team-tourn"]
[EventRounds "10"]
[EventCountry "SVK"]
[SourceTitle "EXT 2020"]
[Source "ChessBase"]
[SourceDate "2019.10.17"]
[SourceVersion "1"]
[SourceVersionDate "2019.10.17"]
[SourceQuality "1"]
[WhiteTeam "Senica CVC III"]
[BlackTeam "Holic III"]
[WhiteTeamCountry "SVK"]
[BlackTeamCountry "SVK"]

1. e4 e6 2. d4 d5 3. exd5 exd5 4. Nf3 Nf6 5. Nc3 c5 6. Bg5 Be6 7. Bb5+ Nc6 8. 0-0 Be7 9. dxc5 0-0 10. Re1 d4 11. Ne2 Bxc5 12. Bxc6 bxc6 13. Nexd4 Bg4 14. Re4 Bxf3 15. Nxf3 Qxd1+ 16. Rxd1 Nxe4 17. Bh4 f6 18. c3 g5 19. Bg3 Nxg3 20. hxg3 Rad8 0-1

[Event "SVK-chT5 SE-SI 1819"]
[Site "Slovakia"]
[Date "2018.10.20"]
[Round "1.4"]
[White "Datko, Jan"]
[Black "Lanza, Matej"]
[Result "1-0"]
[WhiteElo "1212"]
[BlackElo "1215"]
[PlyCount "147"]
[EventDate "2018.10.20"]
[EventType "team-tourn"]
[EventRounds "10"]
[EventCountry "SVK"]
[SourceTitle "CBM 189 Extra"]
[Source "ChessBase"]
[SourceDate "2019.06.03"]
[SourceVersion "1"]
[SourceVersionDate "2019.06.03"]
[SourceQuality "1"]
[WhiteTeam "Holic III"]
[BlackTeam "Gbely Nafta IV"]
[WhiteTeamCountry "SVK"]
[BlackTeamCountry "SVK"]

1. e4 e5 2. Nf3 Nc6 3. Bb5 a6 4. Bxc6 bxc6 5. Nxe5 Nf6 6. Nc3 Bd6 7. Nf3 0-0 8. e5 Bb4 9. exf6 Qxf6 10. 0-0 Bb7 11. a3 Bxc3 12. dxc3 Rae8 13. Qxd7 Re7 14. Qd4 Qf5 15. Qb4 Re2 16. Qxb7 Qxc2 17. Nd4 Qd3 18. Nxe2 Qxe2 19. Be3 Rd8 20. Qxc7 Qd3 21. Bb6 Re8 22. Rad1 Qf5 23. Rd8 Qe6 24. Qxc6 Qxc6 25. Rfd1 h6 26. R8d6 Qb5 27. Rb1 Qe5 28. Rdd1 Qe6 29. Bd4 Qe4 30. h3 a5 31. b4 Rb8 32. b5 Qc2 33. b6 Qa4 34. b7 Qxa3 35. Be5 Re8 36. b8Q Rxb8 37. Rxb8+ Kh7 38. Rdb1 Qc5 39. Bd4 Qc4 40. Ra1 a4 41. Rbb1 g6 42. Rb4 Qa6 43. Raxa4 Qc6 44. c4 Qe4 45. c5 Qf4 46. c6 Qc1+ 47. Kh2 Qxc6 48. g3 Qe4 49. Be3 Qe6 50. Ra8 Kg7 51. Bd4+ f6 52. Rb7+ Qf7 53. Rxf7+ Kxf7 54. Ra7+ Ke6 55. Ra5 h5 56. h4 Kf7 57. f4 f5 58. Kg2 Kg8 59. Ra7 Kf8 60. Kf2 Ke8 61. Ke3 Kf8 62. Rg7 Ke8 63. Rxg6 Kf7 64. Rf6+ Ke7 65. Rxf5 Ke6 66. Rxh5 Kd6 67. Re5 Kc6 68. h5 Kd6 69. h6 Kc6 70. h7 Kd6 71. h8Q Kc6 72. Qf6+ Kd7 73. Re7+ Kd8 74. Qf8# 1-0

[Event "SVK-chT5 1718"]
[Site "Slovakia"]
[Date "2017.11.18"]
[Round "3"]
[White "Datko, Jan"]
[Black "Knapek, Adrian"]
[Result "0-1"]
[WhiteElo "1197"]
[BlackElo "1437"]
[PlyCount "130"]
[EventDate "2017.10.21"]
[EventType "team-tourn"]
[EventRounds "9"]
[EventCountry "SVK"]
[SourceTitle "EXT 2019"]
[Source "ChessBase"]
[SourceDate "2018.10.10"]
[SourceVersion "1"]
[SourceVersionDate "2018.10.10"]
[SourceQuality "1"]
[WhiteTeam "Holic III"]
[BlackTeam "Myjava Spartak"]
[WhiteTeamCountry "SVK"]
[BlackTeamCountry "SVK"]

1. e4 e5 2. Nf3 d6 3. Bc4 h6 4. 0-0 Nf6 5. Re1 Be7 6. Nc3 c6 7. d4 0-0 8. dxe5 dxe5 9. Nxe5 Qc7 10. Nf3 Rd8 11. Qe2 b5 12. Bb3 a6 13. Be3 c5 14. a3 c4 15. Ba2 Bd6 16. h3 Bb7 17. Bd2 Nfd7 18. Nd5 Qc8 19. Ba5 Re8 20. Qd2 Nc6 21. Nb6 Nxb6 22. Qxd6 Rd8 23. Qc5 Nd7 24. Qh5 Nxa5 25. Rad1 Nf6 26. Qf5 Qxf5 27. exf5 Rxd1 28. Rxd1 Be4 29. Nd4 Rd8 30. c3 Nc6 31. g4 Nxd4 32. cxd4 Bd3 33. b3 Rxd4 34. bxc4 bxc4 35. Bxc4 Rxc4 36. Rxd3 Ne4 37. Kg2 Rc2 38. Rf3 Rc3 39. Rf4 Nc5 40. a4 Rd3 41. Rf3 Rxf3 42. Kxf3 Nxa4 43. Ke3 f6 44. f4 Kf7 45. h4 Nb6 46. Kd4 a5 47. g5 a4 48. Kc3 Ke7 49. Kb4 Kd6 50. Kc3 Kd5 51. Kd3 Kc5 52. Kc3 Nd5+ 53. Kb2 Kb4 54. Ka2 Nc3+ 55. Ka1 Nd1 56. Ka2 a3 57. Kb1 Ne3 58. Ka2 Ka4 59. Ka1 Kb3 60. Kb1 a2+ 61. Kc1 a1Q+ 62. Kd2 Qc3+ 63. Ke2 Ng4 64. Kd1 Qc2+ 65. Ke1 Kc3 0-1

[Event "SVK-chT5 1516"]
[Site "Slovakia"]
[Date "2016.01.30"]
[Round "6.5"]
[White "Sprusansky, Ferdinand"]
[Black "Datko, Jan"]
[Result "1-0"]
[WhiteElo "1401"]
[BlackElo "1000"]
[PlyCount "69"]
[EventDate "2015.10.24"]
[EventType "team-tourn"]
[EventRounds "9"]
[EventCountry "SVK"]
[SourceTitle "EXT 2017"]
[Source "ChessBase"]
[SourceDate "2016.10.25"]
[SourceVersion "1"]
[SourceVersionDate "2016.10.25"]
[SourceQuality "1"]
[WhiteTeam "Kopcany"]
[BlackTeam "Sastin Straze"]
[WhiteTeamCountry "SVK"]
[BlackTeamCountry "SVK"]

1. e4 e5 2. Nf3 Nc6 3. Bb5 Bc5 4. Nc3 d6 5. 0-0 Nf6 6. a3 Bg4 7. h3 Bxf3 8. Qxf3 0-0 9. Bxc6 bxc6 10. d3 Bd4 11. Ne2 c5 12. c3 Bxf2+ 13. Rxf2 Qd7 14. Qg3 Nh5 15. Qg5 g6 16. g4 Ng7 17. Qh4 Qe6 18. Bh6 a6 19. Raf1 Rab8 20. b4 c4 21. dxc4 Rbe8 22. Bg5 f5 23. exf5 gxf5 24. Bh6 f4 25. Qg5 Rf7 26. Nxf4 exf4 27. Rxf4 Qe3+ 28. Kh1 Qxh3+ 29. Kg1 Qe3+ 30. Kg2 Qe2+ 31. R1f2 Qe5 32. Rxf7 Qe4+ 33. Kg3 Qd3+ 34. R2f3 Qg6 35. Rxg7+ 1-0